000 00507nam a2200169Ia 4500
008 140529s9999 xx 000 0 und d
020 _a9789712360077
050 _aKPM 1750
_b.D43 2011
100 _aDe Leon, Hector S.
245 _aTextbook on the Philippine Constitution /
_cby Hector S. De Leon, Hector M. De Leon, Jr.
250 _a2011 ed.
260 _aManila, Philippines :
_bRex Book Store, Inc.,
_cc2011.
300 _a801 p. ;
_c22 cm.
521 _aGE
942 _kLOC
_cBK
999 _c117739
_d117739